01458nam a2200373 i 450000100060000000300090000600500170001500800390003201500170007103500200008804000280010804100130013608000180014924501710016724600430033825000150038126000560039630000600045233600270051233700520053933800280059138000170061950400460063665800230068265500300070565000410073570000260077670000330080270000410083570000390087671000420091570000290095785600980098625387KOSZ 00520230704093215.0071213s1971 pl a f 001 0 pol aPB 1971/9447 a(OCoLC)69316607 aWA NcWA NdKOSZ 005/KK1 apolheng a616:89:159.9700aUpośledzenie umysłowe :bnowe poglądy /cAnn M. Clarke, A. D. B. Clarke, J. M. Berg et al. ; [tł. Elżbieta Burbowa et al. ; red. nauk. wyd. pol. Ignacy Wald].1 iTytuł oryginału:aMental deficiency. aWydanie 2. aWarszawa :bPaństwowe Wydawnictwo Naukowe,c1971. a571, [1] stron, tablice :bilustracje, errata ;c23 cm. 2rdacontentaTekstbtxt 2rdamediaaBez urządzenia pośredniczacegobn 2rdacarrieraWoluminbnc aKsiążki. aBibliografia na stronach 509-553. Indeks. aMedycyna i zdrowie 4aPodręczniki akademickie 4aNiepełnosprawność intelektualna1 aClarke, Ann Margaret.1 aClarke, Alan Douglas Benson.1 aWald, Ignacyd(1923-1991).eRedakcja1 aBurbowa, Elżbieta.eTłumaczenie aPaństwowe Wydawnictwo Naukowe4pbl.1 aBerg, Jeremy MarkeAutor uhttp://koha.tu.koszalin.pl/cgi-bin/koha/opac-detail.pl?biblionumber=25387yKatalog online BPK